00689nam a2200217Ia 450000500170000000800410001702000180005805000250007610000380010124500710013925000180021026000310022830000190025933600100027833700140028833800140030250400540031665000340037065000330040465000340043720231102151913.0120626s 2012mx a 000 0 spa d a9789681863869 aHF5549.5C3bS53 2012 aSilíceo Aguilar, Alfonsoeautor aCapacitación y desarrollo de personalc/ Alfonso Siliceo Aguilar a4a edición. aMéxicob: Limusac, 2012 a246 páginas. atexto asin medio aVolúmen aIncluye referencias bibliográficas (p. 245-246) aEmpleados y Capacitación  aSupervisión de empleados.  a Administración de personal